|
|
|
|
| LEADER |
00000nam a2200000 a 4500 |
| 001 |
vtls001325640 |
| 003 |
SK-MaSNL |
| 005 |
20260301235557.0 |
| 008 |
240318s1988 xr 0 cze |
| 035 |
|
|
|a SNK000278396
|
| 040 |
|
|
|a SNK
|b slo
|c SNK
|e AACR2
|
| 041 |
0 |
|
|a cze
|
| 044 |
|
|
|a CZ
|
| 080 |
|
|
|a 574(075.8)
|2 1981
|
| 100 |
1 |
|
|a Lýsek, Hynek
|4 aut
|9 403969
|
| 245 |
1 |
0 |
|a Biologie životního prostředí
|b pro posl. LF 1. a 2. roč.
|c Hynek Lýsek
|
| 260 |
|
|
|a Olomouc
|b Univ. Palackého
|c 1988
|
| 300 |
|
|
|a 76 s.
|c 4°
|
| 650 |
0 |
7 |
|a prostredie životné
|x biológia
|x učebnice vysokoškolské
|2 SNK
|9 633009
|
| 958 |
|
|
|a RK
|
| 958 |
|
|
|a OND
|
| 999 |
|
|
|c 975682
|d 977612
|
| 952 |
|
|
|t P60, <04>, [BOOK], {604}
|a SNK
|b SNK
|y VYP
|7 0
|p 17A0184896
|o snkIB 61289
|i snkKIP 169/89
|0 0
|1 0
|4 0
|d 1998-03-24
|l 0
|r 2005-01-02 00:00:00
|w 2026-02-24
|
| 952 |
|
|
|t P60, <04>, [BOOK], {604}
|a SNK
|b SNK
|y VYP
|7 0
|p 17A0180923
|o snkIB 61289 D1
|0 0
|1 1
|4 0
|d 1999-02-15
|l 0
|r 2005-01-02 00:00:00
|w 2026-02-24
|